LEADER 01963nam--2200541---450- 001 990000677260203316 005 20081216093402.0 010 $a0-8214-0955-7$b(vol. 1) 010 $a0-8214-0984-0$b(vol. 2) 010 $a0-8214-1014-8$b(vol. 3) 010 $a0-8214-1054-7$b(vol. 4) 010 $a0-8214-1067-9$b(vol. 5) 010 $a0-8214-1098-9$b(vol. 6) 010 $a0-8214-1123-3$b(vol. 7) 010 $a0-8214-1144-6$b(vol. 8) 010 $a0-8214-1166-7$b(vol. 9) 035 $a0067726 035 $aUSA010067726 035 $a(ALEPH)000067726USA01 035 $a0067726 100 $a20011015g19901997km-y0itay50------ba 101 0 $aeng 102 $aUS 105 $aa|||z|||001yy 200 1 $a<> collected letters of George Gissing$fPaul F. Mattheisen, Arthur C. Young, Pierre Coustillas editors 210 $aAthens (Ohio)$cOhio University Press$d1990-1997 215 $a9 v.$cill.$d24 cm 327 $a: 1863-1880$a: 1881-1885$a: 1886-1888$a: 1889-1891$a: 1892-1895$a: 1895-1897$a: 1897-1899$a: 1900-1902$a: 1902-1903 676 $a823.8 700 1$aGISSING,$bGeorge$0321195 702 1$aMATTHEISEN,$bPaul F. 702 1$aYOUNG,$bArthur C. 702 1$aCOUSTILLAS,$bPierre 801 0$aIT$bsalbc$gISBD 912 $a990000677260203316 951 $aVII.3.A. 1550/1(II i A 972/I)$b114452 L.M.$cVII.3. 951 $aVII.3.A. 1550/2(II i A 972/II)$b114453 L.M.$cVII.3. 951 $aVII.3.A. 1550/3(II i A 972/III)$b114454 L.M.$cVII.3. 959 $aBK 969 $aUMA 979 $aPATTY$b90$c20011015$lUSA01$h1833 979 $c20020403$lUSA01$h1717 979 $aPATRY$b90$c20040406$lUSA01$h1647 979 $aCOPAT2$b90$c20050713$lUSA01$h1251 979 $aANNAMARIA$b90$c20081216$lUSA01$h0921 979 $aANNAMARIA$b90$c20081216$lUSA01$h0934 996 $aCollected letters of George Gissing$9961191 997 $aUNISA LEADER 02008nam 2200409 450 001 000016064 005 20050718115600.0 010 $a0-8247-9070-7 100 $a20030901d1994----km-y0itay0103----ba 101 0 $aeng 102 $aUS 200 1 $aComputational algebra$e[papers from the Mid-Atlantic algebra conference on computational algebra, held at George Mason University, May 20-23, 1993]$fedited by Klaus G. Fischer ... [et al.] 210 $aNew York [etc.]$cMarcel Dekker$dc1994 215 $aX, 256 p.$d26 cm. 225 2 $aLecture notes in pure and applied mathematics$v151 410 0$12001$aLecture notes in pure and applied mathematics 606 $aAlgebra$xElaborazione dati$xCongressi 676 $a512.00285$v(21. ed.)$9Algebra, teoria dei numeri. Elaborazione dei dati, applicazioni dell'elaboratore 691 $a13-04$9Commutative rings and algebras. Explicit machine computation and programs (not the theory of computation or programming) 691 $a15-04$9Linear and multilinear algebra; matrix theory. Explicit machine computation and programs (not the theory of computation or programming) 691 $a20-04$9Group theory and generalizations. Explicit machine computation and programs (not the theory of computation or programming) 702 1$aFischer,$bKlaus G. 712 12$aMid-Atlantic algebra conference on computational algebra$f<1993$e; George Mason University> 801 0$aIT$bUniversitą della Basilicata - B.I.A.$gRICA$2unimarc 912 $a000016064 996 $aComputational algebra$982264 997 $aUNIBAS BAS $aMONSCI BAS $aSCIENZE CAT $aEXT003$b01$c20030901$lBAS01$h1835 CAT $c20050601$lBAS01$h1755 CAT $abatch$b01$c20050718$lBAS01$h1052 CAT $c20050718$lBAS01$h1112 CAT $c20050718$lBAS01$h1142 CAT $c20050718$lBAS01$h1156 FMT Z30 -1$lBAS01$LBAS01$mBOOK$1BASA5$ADipartimento Matematica$2GEN$BCollezione generale$3MAT$63090$5M3090$820030901$f51$FRiservati LEADER 04210nam 2200661 450 001 9910463682103321 005 20200903223051.0 024 7 $a10.1515/9783110310832 035 $a(CKB)2670000000533694 035 $a(EBL)1345116 035 $a(SSID)ssj0001113453 035 $a(PQKBManifestationID)11632646 035 $a(PQKBTitleCode)TC0001113453 035 $a(PQKBWorkID)11168428 035 $a(PQKB)11394215 035 $a(MiAaPQ)EBC1345116 035 $a(DE-B1597)207669 035 $a(OCoLC)979955102 035 $a(DE-B1597)9783110310832 035 $a(Au-PeEL)EBL1345116 035 $a(CaPaEBR)ebr10848928 035 $a(CaONFJC)MIL577497 035 $a(OCoLC)870946157 035 $a(EXLCZ)992670000000533694 100 $a20131101h20142014 uy| 0 101 0 $aeng 135 $aur|n|---||||| 181 $ctxt 182 $cc 183 $acr 200 00$aTrans-Himalayan linguistics /$fedited by Thomas Owen-Smith and Nathan W. Hill 210 1$aBerlin ;$aBoston :$cDe Gruyter Mouton,$d[2014] 210 4$d©2014 215 $a1 online resource (452 p.) 225 1 $aTrends in linguistics. Studies and monographs,$x1861-4302 ;$vvolume 266 300 $aDescription based upon print version of record. 311 $a3-11-031083-X 311 $a3-11-031074-0 320 $aIncludes bibliographical references and index. 327 $aTrans-Himalayan / George van Driem -- Creolization in the divergence of the Tibeto-Burman languages / Scott DeLancey -- Rethinking Sino-Tibetan phylogeny from the perspective of North East Indian languages / Roger Blench and Mark W. Post -- The Tibetic languages and their classification / Nicolas Tournadre -- Internal diversity in the Tamangic lexicon / Isao Honda -- A preliminary reconstruction of East Bodish / Gwendolyn Hyslop -- Burushaski kinship terminology of Indo-European origin / Ilija C?as?ule -- Subject and object agreement in Shumcho / Christian Huber -- The tone patterns of numeral-plus-classifier phrases in Yongning Na : a synchronic description and analysis / Alexis Michaud -- Rengmitca : the most endangered Kuki-Chin language of Bangladesh / David A. Peterson -- Initial grammatical sketch of Tilung / Jean Robert Opgenort -- Tshangla phonology and a standard Tshangla orthography / Tim Bodt. 330 $aThe Himalaya and surrounding regions are amongst the world's most linguistically diverse places. Of an estimated 600 languages spoken here at Asia's heart, few are researched in depth and many virtually undocumented. Historical developments and relationships between the region's languages also remain poorly understood. This book brings together new work on under-researched Himalayan languages with investigations into the complexities of the area's linguistic history, offering original data and perspectives on the synchrony and diachrony of the Greater Himalayan Region.The volume arises from papers given and topics discussed at the 16th Himalayan Languages Symposium in London in 2010. Most papers focus on Tibeto-Burman languages. These include topics relating to individual - mostly small and endangered - languages, such as Tilung, Shumcho, Rengmitca, Yongning Na and Tshangla; comparative research on the Tibetic, East Bodish and Tamangic language groups; and several papers whose scope covers the whole language family. The remaining paper deals with the origins of Burushaski, whose genetic affiliation remains uncertain.This book will be of special interest to scholars of Tibeto-Burman, and historical as well as general linguists. 410 0$aTrends in linguistics.$pStudies and monographs ;$vvolume 266. 606 $aTibeto-Burman languages$xHistory 606 $aHistorical linguistics 607 $aHimalaya Mountains Region$xLanguages 608 $aElectronic books. 615 0$aTibeto-Burman languages$xHistory. 615 0$aHistorical linguistics. 676 $a495/.4 702 $aHill$b Nathan Wayne 702 $aOwen-Smith$b Thomas$f1982- 801 0$bMiAaPQ 801 1$bMiAaPQ 801 2$bMiAaPQ 906 $aBOOK 912 $a9910463682103321 996 $aTrans-Himalayan linguistics$92476730 997 $aUNINA LEADER 04611nam 2200577 450 001 9910671239703321 005 20170821204718.0 010 $a84-942557-2-X 035 $a(CKB)3710000000275764 035 $a(EBL)3225187 035 $a(OCoLC)923052403 035 $a(SSID)ssj0001492782 035 $a(PQKBManifestationID)11853706 035 $a(PQKBTitleCode)TC0001492782 035 $a(PQKBWorkID)11505174 035 $a(PQKB)10649369 035 $a(MiAaPQ)EBC3225187 035 $a(OCoLC)992035816 035 $a(FlNmELB)ELB59841 035 $a(EXLCZ)993710000000275764 100 $a20141009d2014 uy 0 101 0 $aspa 135 $aur|n|---||||| 181 $ctxt 182 $cc 183 $acr 200 10$aConcepto de familia en derecho espan?ol $eun estudio interdisciplinar /$fIrene Lorenzo-Rego 210 1$a[Barcelona] :$cJose? Mari?a Bosch,$d2014. 215 $a1 online resource (310 p.) 300 $aContiene i?ndice. 311 $a84-942385-2-3 320 $aIncluye bibliografi?a. 327 $aEL CONCEPTO DE FAMILIA EN DERECHO ESPAN?OL: UN ESTADIO INTERDISCIPLINAR; PA?GINA LEGAL; I?NDICE; PRO?LOGO; PRESENTACIO?N; INTRODUCCIO?N; I. SIGNIFICADO DE FAMILIA; A. Etimologi?a de «familia»; B. Diferencia entre parentesco y familia; C. La familia nuclear; II. SITUACIO?N DE LA FAMILIA A FINALES DEL SIGLO XX; III. NECESIDAD DE UN CONCEPTO JURI?DICO UNITARIO DE FAMILIA; IV. METODOLOGI?A DE TRABAJO: INTERDISCIPLINARIEDAD Y UNIDAD; CAPI?TULO I; I. INTRODUCCIO?N; A. Textos legales internacionales; B. Textos constitucionales de Derecho comparado; C. Antecedentes legales espan?oles; D. Proceso constituyente 327 $a1. Matrimonio2. Familia; E. Los arti?culos de la Constitucio?n espan?ola de 1978 relativos a la familia; II. DISERTACIO?N SOBRE LOS POSIBLES Y PRETENDIDOS TIPOS DE FAMILIA EN LA CONSTITUCIO?N ESPAN?OLA DE 1978; A. Segu?n el criterio de la filiacio?n; 1. Un solo progenitor conocido con hijos: la llamada familia monoparental; 2. Pareja heterosexual estable con hijos comunes: la llamada familia de hecho o no matrimonial; B. Segu?n el criterio del vi?nculo matrimonial; 1. Matrimonio; 2. Disolucio?n del vi?nculo matrimonial; C. Segu?n el criterio del vi?nculo matrimonial con filiacio?n 327 $a1. Matrimonio con hijos comunes: la familia matrimonial2. Disolucio?n del vi?nculo matrimonial con hijos; 3. Matrimonio con hijos no comunes; D. Segu?n el criterio de la mera convivencia, sin vi?nculo matrimonial y sin filiacio?n; 1. Pareja heterosexual sin hijos; 2. Pareja no heterosexual sin hijos; 3. Otras situaciones; III. Resultado de la disertacio?n y propuesta del concepto juri?dico constitucional de familia; CAPI?TULO II; I. INTRODUCCIO?N; II. EL MATRIMONIO CIVIL; A. Contenido del matrimonio; 1. Requisitos; a) Heterosexualidad; b) Consentimiento matrimonial 327 $a2. La inscripcio?n del matrimonio en el Registro Civil3. Derechos y deberes de los co?nyuges; B. Efectos comunes a la nulidad, separacio?n y divorcio: la pensio?n por desequilibrio econo?mico; III. LOS ALIMENTOS ENTRE PARIENTES; IV. LAS RELACIONES PATERNO-FILIALES; A. La patria potestad; B. La adopcio?n; C. Las te?cnicas de reproduccio?n asistida; V. LA SUCESIO?N MORTIS CAUSA; A. Los herederos forzosos en la sucesio?n testada; 1. La legi?tima; 2. La mejora; 3. Los derechos del co?nyuge viudo; B. El parentesco en la sucesio?n mortis causa; C. La representacio?n; D. El orden de sucesio?n en la herencia 327 $a1. Los descendientes2. Los ascendientes; 3. El co?nyuge supe?rstite; 4. Los colaterales; E. Las reservas hereditarias; F. Las sucesiones especiales; 1. La sucesio?n por causa de muerte segu?n la Ley catalana de uniones estables de pareja; 2. La sucesio?n en la explotacio?n familiar agraria; 3. La sucesio?n en los ti?tulos nobiliarios; VI. OBLIGACIONES Y CONTRATOS; A. Re?gimen econo?mico matrimonial; B. El contrato de unio?n civil; C. El contrato de arrendamiento urbano: la subrogacio?n mortis causa; 1. La proteccio?n de la familia como fundamento de la subrogacio?n 327 $a2. La convivencia como fundamento de la norma 606 $aFamilia$zEspan?a 606 $aDomestic relations$zSpain 615 4$aFamilia 615 0$aDomestic relations 676 $a34646015 700 $aLorenzo-Rego$b Irene$01336555 801 0$bMiAaPQ 801 1$bMiAaPQ 801 2$bMiAaPQ 906 $aBOOK 912 $a9910671239703321 996 $aConcepto de familia en derecho espan?ol$93053360 997 $aUNINA